Państwa Europy - Statystyki

Ogólne statystyki
  • Ten quiz został rozwiązany 39 razy
  • Średni wynik to 47 z 49
Odpowiedzi na mapie
Odpowiedzi zakodowano w zielono-czerwonej skali na mapie do tego quizu, zgodnie z poniższymi procentami.
 
Statystyki odpowiedzi
Państwa % Poprawnych
Irlandia
100%
Islandia
100%
Belgia
97%
Białoruś
97%
Bośnia i Hercegowina
97%
Chorwacja
97%
Czechy
97%
Dania
97%
Estonia
97%
Finlandia
97%
Finlandia
97%
Francja
97%
Francja
97%
Hiszpania
97%
Liechtenstein
97%
Litwa
97%
Łotwa
97%
Malta
97%
Niemcy
97%
Norwegia
97%
Norwegia
97%
Polska
97%
Portugalia
97%
Rosja
97%
Słowacja
97%
Szwajcaria
97%
Szwecja
97%
Szwecja
97%
Ukraina
97%
Wielka brytania
97%
Albania
94%
Austria
94%
Grecja
94%
Holandia
94%
Kosowo
94%
Mołdawia
94%
Monako
94%
Rumunia
94%
San marino
94%
Słowenia
94%
Watykan
94%
Włochy
94%
Andora
90%
Czarnogóra
90%
Luksemburg
90%
Węgry
90%
Bułgaria
87%
Macedonia Północna
87%
Serbia
87%
Nie znaleziono quizów pasujących do podanych kryteriów
Rozkład punktacji
Procent ludzi z każdym wynikiem
Percentyl według liczby udzielonych odpowiedzi
Twoja historia wyników
Nie rozwiązałeś tego quizu